Statistics for bts music videos (kpop group)

Click here to take the quiz!

General Stats

  • This quiz has been taken 355 times
    (329 since last reset)
  • The average score is 32 of 96

Answer Stats

views in millionsmusic video% Correct
162N.O
92%
1164 (1.1B)DNA
89%
1080 (1B)boy with luv
88%
187no more dream
87%
726dynamite
86%
837fake love
86%
816idol
85%
219ON
81%
393boy in luv
80%
825fire
80%
676blood sweat & tears
79%
227run
79%
694dope
77%
818mic drop
74%
373spring day
71%
547save me
70%
219black swan
69%
232danger
64%
226i need u
64%
449not today
64%
270war of hormone
63%
71euphoria
60%
210life goes on
60%
50airplane
57%
152singularity
57%
188we are bulletproof pt.2
57%
145serendipity
54%
186just one day
53%
76epiphany
50%
101young forever
50%
15lie
47%
113agust d
44%
103make it right feat. lauv
44%
88ego
43%
74persona
43%
12stigma
43%
159airplane pt.2
41%
12awake
41%
146stay gold
41%
12begin
40%
8,0mama
40%
175daechwita
39%
127daydream
39%
98lights
36%
90shadow
34%
64boy meets evil
33%
8,2first love
32%
220chicken noodle soup
30%
70for you
29%
6,3reflection
28%
43give it to me
26%
58we are bulletproof: the eternal
26%
66heartbeat
22%
59winter bear
22%
33do you
21%
24seoul
18%
21forever rain
16%
14moonchild
16%
20come back home
15%
14joke
13%
19change
12%
50Sweet night
8%
306ON kinetic manifesto film
7%
25run japanese version
6%
45blood sweat & tears japanese version
5%
42i need u japanese version
5%
2,9pdd
5%
10with seoul
5%
19danger japanese version
4%
108dynamite b-side
4%
119idol feat. nicki minaj
4%
24mic drop japanese version
4%
21boy in luv japanese version
3%
77dynamite choreograpy version
3%
7,5fantastic
3%
17life goes on: in the forest
3%
19life goes on: on my pillow
3%
13no more dream japanese version
3%
39black swan art film performed by mn
2%
22boy in luv choreography version
2%
65boy with luv ARMY with luv version
2%
40fake love extended version
2%
33fire choreography version
2%
21for you dance version
2%
106i need u original version
2%
7,9life goes on: like an arrow
2%
69no more dream choreography version
2%
41not today choreography version
2%
11danger mo blue mix feat. thanh
1%
10dynamite 70s remix
1%
25ioniq: i'm on it
1%
10snow flower
1%
4,1awakening
0%
4,2Boy in luv LA version
0%
12christmas love
0%
2,4Ioniq: i'm on it lyric video
0%

Score Distribution

Percentile by Number Answered

Percent of People with Each Score

Your Score History

You have not taken this quiz since the last reset